Responses for Show #4071 - Monday, April 22, 2002

Contestants

[<< previous game]

Jason Sass, a mortgage loan analyst from Springfield, Illinois

Rod Bain, a physical therapist from Pasadena, California

Julie Moncrieff, an office manager from Chicago, Illinois (whose 1-day cash winnings total $21,200)

[next game >>]

Jeopardy! Round responses

NOVEL QUOTES
(Alex: You have to identify the novel.)
BLAME IT ON JOHN
HOT ENOUGH FOR YOU?
BEAR WITH US
JUST GIVE "ME"
A SPORTING CHANCE
    $200 26
Moby-Dick

Jason
    $200 12
John the Baptist

Jason
    $200 17
rocks (stones)

Julie
    $200 1
North America

Julie
    $200 6
media

Julie
    $200 11
a split

Julie
    $400 27
Robinson Crusoe

Julie
    $400 13
John Belushi

Rod
    $400 18
the Sun

Jason
    $400 2
hibernation

Julie
    $400 7
the measles

Rod
    $400 22
the NCAA Men's Basketball Tournament

Jason
    $600 28
Frankenstein

Rod
    $600 14
John Glenn

Jason
    $600 19
Nevada

Rod
    $600 3
a grizzly bear

Jason
    $600 8
the Mekong

Julie
    $600 23
Reggie White

Jason
    $800 29
Lord of the Flies

Rod
    $800 15
John Oates

Julie
    $800 20
Hot Springs

Jason
    $800 4
Jungle Book

Rod
    $800 9
meerschaum

Jason
    $800 24
(Jason: What is Australia?)

Canada

Jason
Triple Stumper
    $1000 30
Lost Horizon

Triple Stumper
    $600 16
John Hancock

Julie
    $1000 21
glass blowing

Julie
    $1000 5
Kodiak

Julie
    $1000 10
the Medes

Triple Stumper
    $1000 25
(Jason: What is Germany?)
(Julie: What is Munich?)
(Rob: What is Garmisch?)

Berlin

JulieRodJason
Triple Stumper

Scores at the first commercial break (after clue 16):

Julie Rod Jason
$4,000 $1,600 $2,200

Scores at the end of the Jeopardy! Round:

Julie Rod Jason
$4,600 $2,600 $2,800

Double Jeopardy! Round responses

I PROTEST!
FAKE NATIONAL CURRENCIES
(Alex: We want you to name the one we made up.)
'60s TV
GEOGRAPHY "B"
THEY'VE BEEN HONORED
BEFORE & AFTER
    $400 16
Afghanistan

Julie
    $400 1
dentin

Jason
    $400 2
The Flying Nun

Jason
    $400 9
Boston

Rod
    $400 21
Oxford

Rod
    $400 26
Shelley Long johns

Triple Stumper
    $800 17
the Pentagon Papers

Julie
    $800 7
lint

Jason
    $800 3
(Julie: What is the Lost?)
(Jason: What is the Dinosaurs?)

the Giants

JulieJason
Triple Stumper
    $800 10
(Julie: What is Bavaria?)

the Black Forest

JulieRod
    $800 22
Athens

Jason
    $800 27
Julia Child support

Rod
    $2,000 18
(Julie: Ohh. I don't know this one.)
(Alex: Take a guess.)
(Julie: Who is the E.R.A.?)
(Alex: No, what is [*]--the National Organization of Women.)
[Alex corrected "of" to "for" before revealing the Final Jeopardy! clue.]

N.O.W. (the National Organization for Women)

Julie
    $1200 8
(Jason: What is manat?)

shabbat

JulieJason
    $1200 4
(Jason: What is I Spy?)

The Man from U.N.C.L.E.

RodJason
    $1200 11
Barcelona

Julie
    $1200 23
(Rod: Who is Cate Blanchett

Judi Dench

JulieRod
    $1200 28
Roberta Flack jacket

Jason
    $1600 19
Anna Sewell

Triple Stumper
    $1600 14
(Julie: What is kwanza?)

brno

JulieRod
    $1600 5
Trial

Triple Stumper
    $1600 12
(Julie: What is Bolivia?)

Brazil

JulieJason
    $1600 24
Solzhenitsyn

Jason
    $1600 29
[The end-of-round signal sounds.]

Johnny Cash advance

Julie
    $2000 20
the Stamp Act

Jason
    $2000 15
(Alex: She's Mrs. Ernest Borgnine.)

tova

Triple Stumper
    $2000 6
The Wild Wild West

Triple Stumper
    $2000 13
Belize

Rod
    $1,000 25
(Alex: [Prior to Jason's wager] About a minute left.)

Zubin Mehta

Jason

Scores at the end of the Double Jeopardy! Round:

Julie Rod Jason
$4,200 $8,600 $9,400

[wagering suggestions for these scores]

Final Jeopardy! Round responses

OSCAR HOSTS
JulieWho are Crystal & Chase
$3,601
RodWho are Steve Martin & Dennis Miller?
$1,400
JasonWho is B. Crystal & Dana Carvey?
$7,801
Billy Crystal & Chevy Chase

Final scores:

Julie Rod Jason
$7,801 $7,200 $1,599
2-day champion: $29,001 2nd place: trip to Jamaica & stay at Grand Lido, Braco 3rd place: trip to Maui through Yahoo! Travel

Game dynamics:

Coryat scores:

Julie Rod Jason
$6,600 $8,600 $10,400
17 R
(including 1 DD),
6 W
(including 1 DD)
13 R,
2 W
18 R
(including 1 DD),
5 W

Combined Coryat: $25,600

[game clues] [game scores] [suggest correction]

Game tape date: 2002-01-15
The J! Archive is created by fans, for fans. Scraping, republication, monetization, and malicious use prohibited; this site may use cookies and collect identifying information. See terms. The Jeopardy! game show and all elements thereof, including but not limited to copyright and trademark thereto, are the property of Jeopardy Productions, Inc. and are protected under law. This website is not affiliated with, sponsored by, or operated by Jeopardy Productions, Inc. Join the discussion at JBoard.tv.